000 00842nam a2200301Ia 4500
003 OSt
005 20221007121420.0
006 a|||||r|||| 00| 0
007 ta
008 221006b |||||||| |||| 00| 0 eng d
020 _a9780128020746 (pbk)
024 _a196539
037 _cTextual
040 _aBDL
_cBDL
_beng
041 _2eng
_aeng
082 _aG11, Q6 Carb
100 _aFry Michael
_9711875
245 0 _aLandmark experiments in molecular biology
260 _aLondon
_bElsevier
_c2016
300 _axxiii, 546p. ill.
_ccm.
500 _aIndex 533-546p.
650 _a Genetic code
_9711876
650 _a Molecular biology
_9414923
650 _a Structure of DNA
_9711877
650 _aPostscript
_9711878
942 _hG11, Q6 Carb
_cTEXL
_2CC
999 _c1208864
_d1208864